[Event "4NCL"]
[Site "De Vere, Staverton Park, ENG"]
[Date "2011.11.12"]
[Round "128.6"]
[White "Martin, Lewis"]
[Black "Cooper, David M"]
[Result "1-0"]
[WhiteElo "1976"]
[BlackElo "2066"]
[PlyCount "55"]
[EventDate "2011.??.??"]
[WhiteTeam "Brown Jack"]
[BlackTeam "Warwickshire Select 1"]

1. e4 e6 2. d4 d5 3. exd5 exd5 4. Nf3 Bg4 5. Bd3 Nc6 6. c3 Bd6 7. Be3 Nge7 8.
h3 Bf5 9. Nh4 Bxd3 10. Qxd3 Qd7 11. Nd2 f5 12. f4 Qe6 13. O-O-O O-O-O 14. Nhf3
h6 15. Kb1 Rhg8 16. Rhe1 Qf6 17. Ne5 g5 18. g3 Rdf8 19. Ndf3 Nd8 20. c4 dxc4
21. Qxc4 gxf4 22. Bxf4 Nec6 23. Nxc6 Nxc6 24. Re6 Qf7 25. Bxd6 Re8 26. Rxe8+
Qxe8 27. Bf4 Qe4+ 28. Qd3 1-0

[Event "4NCL"]
[Site "De Vere, Staverton Park, ENG"]
[Date "2011.11.12"]
[Round "128.7"]
[White "Baruch, Andrew JD"]
[Black "Owens, Megan R"]
[Result "1/2-1/2"]
[WhiteElo "2085"]
[BlackElo "1824"]
[PlyCount "55"]
[EventDate "2011.??.??"]
[WhiteTeam "Warwickshire Select 1"]
[BlackTeam "Brown Jack"]

1. c4 Nf6 2. g3 d5 3. cxd5 Nxd5 4. Bg2 g6 5. Nc3 Nb6 6. Nf3 Nc6 7. O-O Bg7 8.
d3 O-O 9. Be3 a5 10. Qd2 Be6 11. Bh6 a4 12. Bxg7 Kxg7 13. Ne4 Qc8 14. Nc5 Bd5
15. Rfc1 Rd8 16. e4 Be6 17. Qc3+ Kg8 18. Nxb7 Qxb7 19. Qxc6 Qxc6 20. Rxc6 Rxd3
21. Rxc7 Rad8 22. Rcc1 f6 23. h3 Kf7 24. Kh2 Nc4 25. Rc2 Rb8 26. Bf1 Rxf3 27.
Kg2 Ne3+ 28. fxe3 1/2-1/2

[Event "4NCL"]
[Site "De Vere, Staverton Park, ENG"]
[Date "2011.11.12"]
[Round "128.8"]
[White "Rabbitt, Michael"]
[Black "Fallowfield, Jeremy R"]
[Result "1-0"]
[WhiteElo "2025"]
[BlackElo "2026"]
[PlyCount "93"]
[EventDate "2011.??.??"]
[WhiteTeam "Brown Jack"]
[BlackTeam "Warwickshire Select 1"]

1. e4 c5 2. Nf3 d6 3. c3 Nf6 4. Bd3 Nc6 5. Bc2 Bg4 6. d3 g6 7. h3 Bxf3 8. Qxf3
Bg7 9. O-O O-O 10. Nd2 b5 11. Re1 b4 12. Nc4 Nd7 13. Bd2 Rb8 14. Qe2 Nb6 15.
Ne3 a5 16. Nd5 e6 17. Nxb6 Rxb6 18. Qe3 Qf6 19. Ba4 bxc3 20. bxc3 Rfb8 21. Red1
h6 22. Be1 g5 23. Rac1 Ne5 24. Bb3 Nc6 25. Bd2 Ne5 26. Rf1 Ng6 27. g3 R6b7 28.
Qe2 Re7 29. Be3 Ne5 30. f4 gxf4 31. Rxf4 Qg6 32. Kh2 h5 33. d4 Nd7 34. Rh4 cxd4
35. cxd4 Nf6 36. e5 Ne4 37. Qf3 d5 38. Rxh5 a4 39. Bxa4 Rb2+ 40. Rc2 Reb7 41.
Kg1 Rb1+ 42. Bc1 Qxg3+ 43. Qxg3 Nxg3 44. Rc8+ Bf8 45. Rg5+ Kh7 46. Rxg3 Bh6 47.
Bc2+ 1-0

[Event "4NCL"]
[Site "De Vere, Staverton Park, ENG"]
[Date "2011.11.13"]
[Round "221.1"]
[White "Arnott, Jonathan W"]
[Black "Slaby, Jerzy"]
[Result "1/2-1/2"]
[WhiteElo "2191"]
[BlackElo "2493"]
[PlyCount "75"]
[EventDate "2011.??.??"]
[WhiteTeam "White Rose 2"]
[BlackTeam "Pandora's Box Grantham"]

1. e4 g6 2. Nf3 Bg7 3. d4 d6 4. Nc3 a6 5. a4 Nd7 6. Bc4 e6 7. O-O Ne7 8. Be3
O-O 9. Qd2 d5 10. exd5 Nb6 11. Bb3 Nbxd5 12. Nxd5 exd5 13. Bh6 Bxh6 14. Qxh6
Nf5 15. Qf4 c6 16. Rfe1 Qd6 17. Qd2 Be6 18. c3 Rae8 19. Bc2 Ng7 20. Qh6 f6 21.
Nh4 Bf7 22. Re3 Rxe3 23. fxe3 Be8 24. Rf1 Qe7 25. Rf3 Ne6 26. Rf1 Ng5 27. Re1
f5 28. Nf3 Nxf3+ 29. gxf3 Bd7 30. Kf2 Qd6 31. Qf4 Qf6 32. h4 Kg7 33. a5 Rf7 34.
b4 h6 35. Rg1 Kh7 36. Qg3 Rg7 37. f4 Be6 38. Bd3 1/2-1/2

[Event "4NCL"]
[Site "De Vere, Staverton Park, ENG"]
[Date "2011.11.13"]
[Round "221.2"]
[White "Crouch, Colin S"]
[Black "Adams, David M"]
[Result "0-1"]
[WhiteElo "2366"]
[BlackElo "2217"]
[PlyCount "60"]
[EventDate "2011.??.??"]
[WhiteTeam "Pandora's Box Grantham"]
[BlackTeam "White Rose 2"]

1. d4 d5 2. Nf3 Nc6 3. Bf4 e6 4. e3 Bd6 5. Bg3 Nf6 6. c4 Ne4 7. Nc3 Nxg3 8.
hxg3 dxc4 9. Bxc4 Qe7 10. Qc2 h6 11. O-O-O Bd7 12. e4 O-O-O 13. e5 Bb4 14. d5
Na5 15. dxe6 Bxe6 16. Bxe6+ Qxe6 17. Nb5 Nc6 18. Kb1 Rxd1+ 19. Rxd1 Rd8 20.
Rxd8+ Kxd8 21. a3 Ba5 22. Qc5 Qe7 23. Qe3 Bb6 24. Qf4 Bxf2 25. Qd2+ Qd7 26.
Qxf2 Qd3+ 27. Qc2 Qxb5 28. Qh7 Qf1+ 29. Ka2 Qxg2 30. Qg8+ Ke7 0-1

[Event "4NCL"]
[Site "De Vere, Staverton Park, ENG"]
[Date "2011.11.13"]
[Round "221.3"]
[White "Shaw, Peter"]
[Black "Polaczek, Richard"]
[Result "0-1"]
[WhiteElo "2180"]
[BlackElo "2377"]
[PlyCount "73"]
[EventDate "2011.??.??"]
[WhiteTeam "White Rose 2"]
[BlackTeam "Pandora's Box Grantham"]

1. d4 Nf6 2. c4 e6 3. Nc3 Bb4 4. f3 d5 5. a3 Bxc3+ 6. bxc3 c5 7. cxd5 Nxd5 8.
dxc5 Qa5 9. e4 Nf6 10. Be3 O-O 11. Qb3 Nfd7 12. Bb5 Qc7 13. Qb4 Nc6 14. Bxc6
Qxc6 15. Ne2 e5 16. Rd1 a5 17. Qc4 Nb6 18. Qb3 Na4 19. Qd5 Qe8 20. O-O Kh8 21.
Rd2 f6 22. Rfd1 Be6 23. Qxb7 Rb8 24. Qc7 Nb2 25. Rb1 Rc8 26. Qb7 Nc4 27. Rd3
Nxa3 28. Ra1 Nc4 29. Qb1 f5 30. Bf2 fxe4 31. fxe4 Rb8 32. Qe1 Rb2 33. Rb1 Rxb1
34. Qxb1 a4 35. Nc1 Qa8 36. Qb4 Rb8 37. h3 0-1

[Event "4NCL"]
[Site "De Vere, Staverton Park, ENG"]
[Date "2011.11.13"]
[Round "221.4"]
[White "Ross, Chris N"]
[Black "Gayson, Peter M"]
[Result "1/2-1/2"]
[WhiteElo "2237"]
[BlackElo "2204"]
[PlyCount "63"]
[EventDate "2011.??.??"]
[WhiteTeam "Pandora's Box Grantham"]
[BlackTeam "White Rose 2"]

1. e4 c5 2. Nf3 e6 3. Nc3 a6 4. d4 cxd4 5. Nxd4 Nc6 6. Be3 Nf6 7. Nxc6 bxc6 8.
e5 Nd5 9. Nxd5 cxd5 10. Qd4 d6 11. O-O-O dxe5 12. Qxe5 f6 13. Qh5+ g6 14. Qf3
Bg7 15. h4 f5 16. Bd4 Bxd4 17. Rxd4 O-O 18. Qe3 Qf6 19. f4 h5 20. Qe5 Qxe5 21.
fxe5 a5 22. Rh3 Ba6 23. Bxa6 Rxa6 24. Rb3 Rc8 25. c3 a4 26. Ra3 Rca8 27. Rb4
Kg7 28. Kd2 g5 29. g3 Kg6 30. Ke3 f4+ 31. gxf4 gxh4 32. f5+ 1/2-1/2

[Event "4NCL"]
[Site "De Vere, Staverton Park, ENG"]
[Date "2011.11.13"]
[Round "221.5"]
[White "Weller, Jean-Luc"]
[Black "Capuzzo, Marcos"]
[Result "0-1"]
[WhiteElo "2074"]
[BlackElo "2230"]
[PlyCount "62"]
[EventDate "2011.??.??"]
[WhiteTeam "White Rose 2"]
[BlackTeam "Pandora's Box Grantham"]

1. d4 Nf6 2. Bg5 g6 3. Bxf6 exf6 4. e3 Bg7 5. g3 O-O 6. Bg2 d5 7. Ne2 c6 8. O-O
Re8 9. b3 Nd7 10. c4 dxc4 11. bxc4 f5 12. Nbc3 Qa5 13. Rb1 Qa6 14. Qb3 Nb6 15.
c5 Nd7 16. Qb4 Rb8 17. Rb3 b6 18. Qa4 bxc5 19. Bxc6 Qxa4 20. Nxa4 Rxb3 21. axb3
cxd4 22. Nxd4 Rd8 23. Bg2 Ne5 24. Ra1 Ng4 25. h3 Nxf2 26. Rc1 Nd3 27. Rb1 Nb4
28. Kf2 Nc2 29. Rc1 Nxd4 30. exd4 Bxd4+ 31. Ke1 Be6 0-1

[Event "4NCL"]
[Site "De Vere, Staverton Park, ENG"]
[Date "2011.11.13"]
[Round "221.6"]
[White "Birtwistle, Nigel"]
[Black "Burnett, Jim"]
[Result "1/2-1/2"]
[WhiteElo "2173"]
[BlackElo "2137"]
[PlyCount "49"]
[EventDate "2011.??.??"]
[WhiteTeam "Pandora's Box Grantham"]
[BlackTeam "White Rose 2"]

1. d4 d5 2. c4 e6 3. Nc3 c6 4. Nf3 dxc4 5. e4 b5 6. Bg5 Qb6 7. Be2 Nf6 8. Bxf6
gxf6 9. O-O Bb7 10. a4 a6 11. d5 cxd5 12. exd5 Nd7 13. axb5 axb5 14. Rxa8+ Bxa8
15. dxe6 fxe6 16. Nd4 Bc5 17. Bh5+ Ke7 18. Qg4 Rf8 19. Rd1 Bxd4 20. Rxd4 Ne5
21. Qg7+ Nf7 22. Bxf7 Rxf7 23. Rd7+ Kxd7 24. Qxf7+ Kc8 25. Qe8+ 1/2-1/2

[Event "4NCL"]
[Site "De Vere, Staverton Park, ENG"]
[Date "2011.11.13"]
[Round "221.7"]
[White "Weller, Pierre"]
[Black "Cumbers, Paul"]
[Result "1-0"]
[WhiteElo "1987"]
[BlackElo "2157"]
[PlyCount "77"]
[EventDate "2011.??.??"]
[WhiteTeam "White Rose 2"]
[BlackTeam "Pandora's Box Grantham"]

1. d4 Nf6 2. Bg5 e6 3. e4 c5 4. e5 h6 5. Bc1 Nh7 6. d5 exd5 7. Qxd5 Nc6 8. Nf3
d6 9. Bb5 Qb6 10. c4 Be6 11. Qe4 O-O-O 12. O-O Nxe5 13. Nxe5 dxe5 14. a4 Qc7
15. a5 f5 16. Qe2 a6 17. Ba4 g5 18. Bd2 Bd6 19. Bc3 Nf8 20. Na3 Ng6 21. Rfd1
Rh7 22. Qe1 h5 23. b4 cxb4 24. Bxb4 Bxb4 25. Qxb4 Rhh8 26. Rdb1 Nf4 27. Qb6 Rd6
28. Qa7 Bd7 29. c5 Bxa4 30. cxd6 Qc6 31. f3 Rd8 32. Qa8+ Kd7 33. Rxb7+ Ke6 34.
Re7+ Kf6 35. Qxd8 Qc5+ 36. Kh1 Nd3 37. Qf8+ Kg6 38. Rg7+ Kh6 39. Qh8# 1-0

[Event "4NCL"]
[Site "De Vere, Staverton Park, ENG"]
[Date "2011.11.13"]
[Round "221.8"]
[White "Maroroa, Sue"]
[Black "O'Driscoll, Kieran"]
[Result "1/2-1/2"]
[WhiteElo "2013"]
[BlackElo "2104"]
[PlyCount "102"]
[EventDate "2011.??.??"]
[WhiteTeam "Pandora's Box Grantham"]
[BlackTeam "White Rose 2"]

1. e4 d5 2. exd5 Nf6 3. d4 Nxd5 4. c4 Nb6 5. c5 N6d7 6. Nf3 e6 7. Nc3 Be7 8.
Bd3 b6 9. Be4 c6 10. cxb6 axb6 11. O-O O-O 12. Re1 Nf6 13. Bb1 Nbd7 14. Qc2 Bb7
15. Ne5 c5 16. Bg5 g6 17. Nxd7 Qxd7 18. dxc5 Qc6 19. f3 Qxc5+ 20. Be3 Qh5 21.
Qf2 b5 22. Bd3 b4 23. Ne4 Rfd8 24. Ng3 Qd5 25. Bc2 Rxa2 26. Rad1 Qc6 27. Rxd8+
Bxd8 28. Bb3 Ra5 29. Rc1 Qd6 30. Rd1 Bd5 31. Ne4 Qb8 32. Nxf6+ Bxf6 33. Bxd5
Rxd5 34. Rxd5 exd5 35. Bd4 Qf4 36. Bxf6 Qxf6 37. Qd2 Qb6+ 38. Kf1 Qc5 39. Ke2
Kg7 40. Kd3 Qc4+ 41. Ke3 f6 42. Qd3 Qc1+ 43. Qd2 Qg1+ 44. Kd3 Qf1+ 45. Ke3 Qg1+
46. Kd3 Qb6 47. Qe1 Qb5+ 48. Kd2 Kf7 49. Qh4 h5 50. Qd4 g5 51. h4 Qc4 1/2-1/2

[Event "4NCL"]
[Site "De Vere, Staverton Park, ENG"]
[Date "2011.11.13"]
[Round "222.1"]
[White "Swanson, Stephen"]
[Black "Chapman, Terry PD"]
[Result "1/2-1/2"]
[WhiteElo "2277"]
[BlackElo "2253"]
[PlyCount "37"]
[EventDate "2011.??.??"]
[WhiteTeam "Poisoned Pawns"]
[BlackTeam "Barbican Youth"]

1. e4 d6 2. Nc3 Nf6 3. f4 g6 4. Nf3 Bg7 5. Be2 O-O 6. O-O d5 7. e5 Ne4 8. Qe1
Nxc3 9. bxc3 c5 10. Kh1 Nc6 11. Rb1 b6 12. d3 f6 13. d4 Bf5 14. Bb5 Rc8 15.
exf6 Bxf6 16. dxc5 bxc5 17. Ba6 Rb8 18. Rxb8 Qxb8 19. Bd3 1/2-1/2

[Event "4NCL"]
[Site "De Vere, Staverton Park, ENG"]
[Date "2011.11.13"]
[Round "222.2"]
[White "O'Toole, George E"]
[Black "Harley, Andrew D"]
[Result "1/2-1/2"]
[WhiteElo "2189"]
[BlackElo "2221"]
[PlyCount "32"]
[EventDate "2011.??.??"]
[WhiteTeam "Barbican Youth"]
[BlackTeam "Poisoned Pawns"]

1. e4 e6 2. d4 d5 3. Nd2 c5 4. exd5 Qxd5 5. Ngf3 cxd4 6. Bc4 Qd6 7. Nb3 Qb4+ 8.
Nbd2 Nc6 9. a3 Qb6 10. b4 Nf6 11. O-O Bd7 12. Nb3 O-O-O 13. Qe2 Bd6 14. b5 Na5
15. Nxa5 Qxa5 16. Nxd4 Qc3 1/2-1/2

[Event "4NCL"]
[Site "De Vere, Staverton Park, ENG"]
[Date "2011.11.13"]
[Round "222.3"]
[White "Byway, Paul V"]
[Black "Martyn, Rafe"]
[Result "0-1"]
[WhiteElo "2172"]
[BlackElo "2249"]
[PlyCount "52"]
[EventDate "2011.??.??"]
[WhiteTeam "Poisoned Pawns"]
[BlackTeam "Barbican Youth"]

1. Nf3 Nf6 2. g3 d5 3. Bg2 c6 4. O-O Bg4 5. d3 Nbd7 6. Nbd2 e5 7. e4 Bd6 8. h3
Bh5 9. Qe1 O-O 10. b3 Re8 11. Bb2 a5 12. a3 b5 13. Nh4 Qc7 14. Qb1 Rab8 15. Re1
d4 16. Bf3 Bxf3 17. Ndxf3 c5 18. Nd2 Nb6 19. Qd1 c4 20. c3 dxc3 21. Bxc3 b4 22.
axb4 axb4 23. dxc4 bxc3 24. Nb1 Bb4 25. Qc2 Nbd7 26. Nxc3 Nc5 0-1

[Event "4NCL"]
[Site "De Vere, Staverton Park, ENG"]
[Date "2011.11.13"]
[Round "222.4"]
[White "Sanders, Isaac B"]
[Black "Rosen, Daniel B"]
[Result "1/2-1/2"]
[WhiteElo "2136"]
[BlackElo "2125"]
[PlyCount "48"]
[EventDate "2011.??.??"]
[WhiteTeam "Barbican Youth"]
[BlackTeam "Poisoned Pawns"]

1. e4 g6 2. d4 Bg7 3. Nc3 d6 4. Nf3 Nf6 5. Be2 Bg4 6. h3 Bxf3 7. Bxf3 e5 8. d5
Nbd7 9. h4 h5 10. Bg5 Bh6 11. Bxh6 Rxh6 12. Qd2 Rh8 13. Rb1 a6 14. O-O Kf8 15.
g3 Kg7 16. Bg2 Qe7 17. Qg5 Rae8 18. Bh3 Nh7 19. Qxe7 Rxe7 20. f4 exf4 21. Bxd7
Rxd7 22. Rxf4 Nf6 23. Rbf1 Ng4 24. Ne2 Re8 1/2-1/2

[Event "4NCL"]
[Site "De Vere, Staverton Park, ENG"]
[Date "2011.11.13"]
[Round "222.5"]
[White "McEwan, Ken B"]
[Black "Cumming, Rhys"]
[Result "1/2-1/2"]
[WhiteElo "2109"]
[BlackElo "2010"]
[PlyCount "63"]
[EventDate "2011.??.??"]
[WhiteTeam "Poisoned Pawns"]
[BlackTeam "Barbican Youth"]

1. d4 Nf6 2. g3 g6 3. Bg2 d5 4. Nf3 Bg7 5. O-O O-O 6. Nbd2 Nc6 7. c3 Re8 8. Re1
e5 9. Nxe5 Nxe5 10. dxe5 Rxe5 11. Nb3 Re8 12. Bg5 c6 13. h3 Qb6 14. Be3 Qc7 15.
Bd4 b6 16. Qc2 Bf5 17. Qc1 Be6 18. Nd2 Rad8 19. e4 dxe4 20. Bxf6 Bxf6 21. Nxe4
Bg7 22. Qg5 c5 23. Nf6+ Bxf6 24. Qxf6 Rd2 25. b3 Qd8 26. Qf4 Qd3 27. Qf6 Qd7
28. h4 h5 29. c4 Rd8 30. Be4 Rd6 31. Qg5 Kg7 32. Rac1 1/2-1/2

[Event "4NCL"]
[Site "De Vere, Staverton Park, ENG"]
[Date "2011.11.13"]
[Round "222.6"]
[White "Stewart, Ashley"]
[Black "Goodger, Martyn"]
[Result "1-0"]
[WhiteElo "2001"]
[BlackElo "2107"]
[PlyCount "111"]
[EventDate "2011.??.??"]
[WhiteTeam "Barbican Youth"]
[BlackTeam "Poisoned Pawns"]

1. d4 f5 2. Nf3 Nf6 3. g3 e6 4. Bg2 d5 5. c4 c6 6. O-O Bd6 7. Qc2 O-O 8. Nc3
Ne4 9. Rb1 Nd7 10. b4 Nxc3 11. Qxc3 Nf6 12. c5 Bc7 13. Bf4 Bxf4 14. gxf4 Bd7
15. Ne5 Be8 16. a4 Ne4 17. Bxe4 fxe4 18. Qg3 Qf6 19. e3 Kh8 20. Kh1 a6 21. Rg1
Rd8 22. Qh3 Qh6 23. Qxh6 gxh6 24. Rg3 Rg8 25. Rbg1 Rxg3 26. fxg3 Kg7 27. g4 Ra8
28. a5 Rc8 29. Rg3 Rc7 30. Kg2 Re7 31. h4 Kf8 32. h5 Rg7 33. Kh3 Ke7 34. Kh4
Rg8 35. g5 hxg5+ 36. Rxg5 Bf7 37. Rxg8 Bxg8 38. Kg5 Bf7 39. Kh6 Be8 40. Ng4 Bf7
41. Kg5 Be8 42. Kh6 Bf7 43. Ne5 Be8 44. Kxh7 Bxh5 45. Kg7 Be2 46. Ng6+ Ke8 47.
Kf6 Bg4 48. Ne5 Bf5 49. Nf7 Kd7 50. Nd6 Bg4 51. Nxb7 Bf5 52. Nd6 Bg4 53. Nf7
Bf5 54. Ne5+ Kc7 55. Ke7 Bh3 56. Ng6 1-0

[Event "4NCL"]
[Site "De Vere, Staverton Park, ENG"]
[Date "2011.11.13"]
[Round "223.2"]
[White "Pickard, Charles"]
[Black "Bak, Andrew"]
[Result "1/2-1/2"]
[WhiteElo "2125"]
[BlackElo "2027"]
[PlyCount "34"]
[EventDate "2011.??.??"]
[WhiteTeam "Cambridge University 2"]
[BlackTeam "Bradford DCA Knights A"]

1. Nf3 f5 2. g3 Nf6 3. Bg2 e6 4. c4 Be7 5. Nc3 O-O 6. d3 d5 7. cxd5 exd5 8. Qb3
Kh8 9. Ng5 c6 10. h4 Na6 11. d4 Ne4 12. Nf3 Nc7 13. Bf4 Ne6 14. e3 Bf6 15. Ne5
Nxf4 16. exf4 Bxe5 17. fxe5 Nxc3 1/2-1/2

[Event "4NCL"]
[Site "De Vere, Staverton Park, ENG"]
[Date "2011.11.13"]
[Round "223.3"]
[White "Hackner, Oskar A"]
[Black "Chan, Nevil"]
[Result "1-0"]
[WhiteElo "2014"]
[BlackElo "2117"]
[PlyCount "77"]
[EventDate "2011.??.??"]
[WhiteTeam "Bradford DCA Knights A"]
[BlackTeam "Cambridge University 2"]

1. d4 Nc6 2. Nf3 d5 3. c4 Bg4 4. Nc3 e6 5. cxd5 exd5 6. Bf4 Bb4 7. e3 Nge7 8.
Bd3 h6 9. O-O Bd6 10. Bxd6 Qxd6 11. a3 O-O 12. b4 Rac8 13. b5 Nd8 14. Qa4 Bxf3
15. gxf3 Ne6 16. f4 f5 17. Qb4 Rcd8 18. Qxd6 Rxd6 19. f3 g5 20. fxg5 hxg5 21.
Ne2 Kf7 22. Rad1 Rfd8 23. f4 g4 24. Kg2 Ng7 25. Ng3 Kf6 26. h3 gxh3+ 27. Kxh3
Ng6 28. Kg2 Re6 29. Kf2 Rde8 30. Rfe1 Nh8 31. Rc1 R6e7 32. Rc5 Rd8 33. Rec1
Rdd7 34. Rh1 Nf7 35. Nh5+ Nxh5 36. Rxh5 Nd6 37. Rxd5 Rh7 38. Rdxf5+ Nxf5 39.
Rxf5+ 1-0

[Event "4NCL"]
[Site "De Vere, Staverton Park, ENG"]
[Date "2011.11.13"]
[Round "223.8"]
[White "Kourtseva, Julie"]
[Black "Burke, Mitchell R"]
[Result "1/2-1/2"]
[WhiteElo "1742"]
[BlackElo "1897"]
[PlyCount "92"]
[EventDate "2011.??.??"]
[WhiteTeam "Cambridge University 2"]
[BlackTeam "Bradford DCA Knights A"]

1. d4 d5 2. c4 dxc4 3. Nf3 Nf6 4. e3 e6 5. Bxc4 c5 6. Nc3 Be7 7. O-O O-O 8. b3
a6 9. Bb2 b5 10. Be2 Bb7 11. Rc1 Nbd7 12. dxc5 Nxc5 13. Qxd8 Rfxd8 14. Rfd1
Rxd1+ 15. Rxd1 Rc8 16. Ne1 Kf8 17. f3 Bc6 18. b4 Ncd7 19. a3 Nb6 20. Kf2 Ne8
21. Nb1 Nd6 22. Bd4 Nbc4 23. Bc5 Nb2 24. Rxd6 Bxd6 25. Bxd6+ Kg8 26. Be5 Nc4
27. Bxc4 bxc4 28. Nc3 f6 29. Bd4 Rd8 30. Ke2 Be8 31. f4 Bh5+ 32. Nf3 Re8 33.
Kf2 Bxf3 34. Kxf3 e5 35. fxe5 fxe5 36. Bc5 Rd8 37. Ke2 Rd3 38. Nb1 Rb3 39. Nd2
Rb2 40. Kd1 c3 41. Ne4 Rxg2 42. Nxc3 Rxh2 43. a4 Rf2 44. Nd5 h5 45. b5 axb5 46.
axb5 Ra2 1/2-1/2

[Event "4NCL"]
[Site "De Vere, Staverton Park, ENG"]
[Date "2011.11.13"]
[Round "224.1"]
[White "McMichael, Richard J"]
[Black "Habershon, Paul F"]
[Result "1/2-1/2"]
[WhiteElo "2266"]
[BlackElo "2133"]
[PlyCount "39"]
[EventDate "2011.??.??"]
[WhiteTeam "Kings Head"]
[BlackTeam "FCA Solutions 1"]

1. d4 Nf6 2. Nf3 d5 3. Bg5 Nbd7 4. Nbd2 h6 5. Bh4 e6 6. e3 Be7 7. Bd3 O-O 8.
O-O b6 9. c3 Bb7 10. Ne5 Nxe5 11. dxe5 Ne4 12. Bxe7 Qxe7 13. f4 Rad8 14. Qc2
Nxd2 15. Qxd2 c5 16. Rf2 f5 17. exf6 Rxf6 18. Raf1 Rdf8 19. Qe2 e5 20. fxe5
1/2-1/2

[Event "4NCL"]
[Site "De Vere, Staverton Park, ENG"]
[Date "2011.11.13"]
[Round "224.2"]
[White "Brown, Alan M"]
[Black "Wittmann, Jochen"]
[Result "1-0"]
[WhiteElo "2135"]
[BlackElo "2216"]
[PlyCount "103"]
[EventDate "2011.??.??"]
[WhiteTeam "FCA Solutions 1"]
[BlackTeam "Kings Head"]

1. d4 f5 2. c4 Nf6 3. g3 g6 4. Bg2 Bg7 5. Nc3 d6 6. e4 Nc6 7. Nge2 O-O 8. O-O
Nxe4 9. Nxe4 fxe4 10. Bxe4 Bh3 11. Bg2 Bxg2 12. Kxg2 d5 13. c5 e5 14. dxe5 Nxe5
15. Nf4 d4 16. Qb3+ Kh8 17. Ne6 Qd7 18. Nxf8 Qc6+ 19. f3 Rxf8 20. Bf4 Nd7 21.
Rac1 Nf6 22. Rfe1 Nd5 23. Be5 Ne3+ 24. Rxe3 dxe3 25. Bxg7+ Kxg7 26. Qxe3 Re8
27. Qc3+ Qf6 28. Kf2 Qxc3 29. Rxc3 Kf6 30. Ra3 a6 31. c6 b6 32. Rxa6 Re6 33.
Ra3 Rxc6 34. Re3 Rc2+ 35. Re2 Rc1 36. Ke3 Ra1 37. a3 Ke5 38. f4+ Kf5 39. Kf3
Rf1+ 40. Rf2 Rc1 41. g4+ Kf6 42. Re2 Rf1+ 43. Ke4 h5 44. h3 hxg4 45. hxg4 g5
46. fxg5+ Kxg5 47. Rg2 Rd1 48. Rg3 b5 49. Rc3 Kxg4 50. Rxc7 Rd2 51. Rg7+ Kh3
52. b4 1-0

[Event "4NCL"]
[Site "De Vere, Staverton Park, ENG"]
[Date "2011.11.13"]
[Round "224.3"]
[White "Whiteley, Andrew J"]
[Black "Williamson, Kevin J"]
[Result "1/2-1/2"]
[WhiteElo "2280"]
[BlackElo "2083"]
[PlyCount "58"]
[EventDate "2011.??.??"]
[WhiteTeam "Kings Head"]
[BlackTeam "FCA Solutions 1"]

1. d4 d5 2. c4 Nc6 3. Nf3 Bg4 4. Nc3 e6 5. cxd5 exd5 6. Bg5 f6 7. Bh4 Bb4 8. e3
Nge7 9. h3 Bh5 10. Bg3 Qd7 11. Be2 O-O-O 12. O-O Bxc3 13. bxc3 g5 14. Qa4 Bxf3
15. Bxf3 h5 16. Rfb1 g4 17. Be2 gxh3 18. Ba6 Rdg8 19. Rxb7 Kd8 20. Rab1 Qf5 21.
Bxc7+ Ke8 22. Bd6 Rxg2+ 23. Kh1 Rg7 24. Rxe7+ Rxe7 25. Qxc6+ Kf7 26. Rg1 Qf3+
27. Kh2 Qxf2+ 28. Kh1 Qf3+ 29. Kh2 Qf2+ 1/2-1/2

[Event "4NCL"]
[Site "De Vere, Staverton Park, ENG"]
[Date "2011.11.13"]
[Round "224.4"]
[White "Fraser-Mitchell, Jeremy N"]
[Black "Haria, Ravi"]
[Result "0-1"]
[WhiteElo "2085"]
[BlackElo "2045"]
[PlyCount "40"]
[EventDate "2011.??.??"]
[WhiteTeam "FCA Solutions 1"]
[BlackTeam "Kings Head"]

1. f4 Nf6 2. b3 Nc6 3. Nf3 d6 4. Bb2 Bg4 5. e3 e5 6. fxe5 dxe5 7. Be2 Bd6 8.
O-O Qe7 9. Ng5 Bxe2 10. Qxe2 h6 11. Nf3 O-O-O 12. Nc3 e4 13. Nd4 Qe5 14. Nf5
Qxh2+ 15. Kf2 Ne5 16. d4 exd3 17. cxd3 Nxd3+ 18. Qxd3 Bg3+ 19. Nxg3 Rxd3 20.
Rh1 Ng4+ 0-1

[Event "4NCL"]
[Site "De Vere, Staverton Park, ENG"]
[Date "2011.11.13"]
[Round "224.5"]
[White "Thomas, Rik H"]
[Black "Smith, Graham M"]
[Result "1/2-1/2"]
[WhiteElo "2197"]
[BlackElo "2069"]
[PlyCount "80"]
[EventDate "2011.??.??"]
[WhiteTeam "Kings Head"]
[BlackTeam "FCA Solutions 1"]

1. c4 f5 2. Nc3 Nf6 3. g3 g6 4. Bg2 Bg7 5. Nf3 O-O 6. O-O d6 7. d4 Nc6 8. d5
Ne5 9. Nxe5 dxe5 10. e4 a6 11. a4 f4 12. f3 g5 13. g4 Qe8 14. b4 h5 15. h3 Qg6
16. Ba3 Rd8 17. b5 Bf8 18. Rf2 e6 19. Bxf8 Kxf8 20. Bf1 hxg4 21. hxg4 Kg7 22.
Rh2 Bd7 23. bxa6 bxa6 24. a5 Rh8 25. Raa2 Qf7 26. c5 Qe7 27. d6 cxd6 28. cxd6
Qd8 29. Qa1 Bc6 30. Rxh8 Kxh8 31. Rd2 Nd7 32. Bc4 Qf6 33. Qf1 Kg7 34. Rh2 Rh8
35. Rxh8 Kxh8 36. Bxa6 Qd8 37. Qa1 Nc5 38. Bb5 Qxd6 39. Bxc6 Qxc6 40. Ne2 Qd6
1/2-1/2

[Event "4NCL"]
[Site "De Vere, Staverton Park, ENG"]
[Date "2011.11.13"]
[Round "224.6"]
[White "Reuben, Stewart"]
[Black "Ward, Julian T"]
[Result "0-1"]
[WhiteElo "2137"]
[BlackElo "2123"]
[PlyCount "66"]
[EventDate "2011.??.??"]
[WhiteTeam "FCA Solutions 1"]
[BlackTeam "Kings Head"]

1. c4 e5 2. g3 d6 3. Bg2 g6 4. Nc3 Bg7 5. e4 Nc6 6. Nge2 Nge7 7. d3 O-O 8. Be3
Nd4 9. Qd2 c6 10. O-O f5 11. Bh6 Bxh6 12. Qxh6 Nxe2+ 13. Nxe2 Qb6 14. b3 f4 15.
gxf4 Bg4 16. Rae1 Bxe2 17. Rxe2 Rxf4 18. Bh3 Raf8 19. Be6+ Kh8 20. Re3 Ng8 21.
Qg5 R8f6 22. Bxg8 Kxg8 23. Qg2 Qxe3 24. fxe3 Rxf1+ 25. Qxf1 Rxf1+ 26. Kxf1 c5
27. Ke2 g5 28. Kf3 Kg7 29. Kg3 h6 30. a3 a6 31. a4 a5 32. h4 gxh4+ 33. Kxh4 h5
0-1

[Event "4NCL"]
[Site "De Vere, Staverton Park, ENG"]
[Date "2011.11.13"]
[Round "224.7"]
[White "Guthrie, David W"]
[Black "Freeman, Richard CP"]
[Result "1/2-1/2"]
[WhiteElo "2175"]
[BlackElo "2028"]
[PlyCount "69"]
[EventDate "2011.??.??"]
[WhiteTeam "Kings Head"]
[BlackTeam "FCA Solutions 1"]

1. d4 Nf6 2. c4 c5 3. d5 e5 4. Nc3 d6 5. e4 Be7 6. g3 Na6 7. Bg2 Nc7 8. Nge2 h5
9. h4 a6 10. f3 b5 11. b3 b4 12. Na4 Rb8 13. Be3 Na8 14. Qd2 Nb6 15. Nb2 O-O
16. Nd3 Qc7 17. O-O a5 18. Rad1 Rd8 19. Nf2 a4 20. Nc1 Ra8 21. Ncd3 Ra6 22. Rb1
Bd7 23. f4 Rda8 24. Bf3 Be8 25. Kg2 Nbd7 26. fxe5 dxe5 27. Bd1 axb3 28. axb3
Ra2 29. Bc2 Bd6 30. Qe2 Nb6 31. Bc1 Ra1 32. Bb2 Rxb1 33. Bxb1 Bd7 34. Qe3 Be8
35. Qe2 1/2-1/2

[Event "4NCL"]
[Site "De Vere, Staverton Park, ENG"]
[Date "2011.11.13"]
[Round "225.1"]
[White "Rendle, Thomas E"]
[Black "Cooper, John G"]
[Result "1-0"]
[WhiteElo "2389"]
[BlackElo "2351"]
[PlyCount "73"]
[EventDate "2011.??.??"]
[WhiteTeam "Sambuca Sharks"]
[BlackTeam "South Wales Dragons"]

1. e4 g6 2. d4 Bg7 3. Nc3 d6 4. Be3 c6 5. Qd2 Nd7 6. h4 h5 7. Nh3 Ngf6 8. f3 b5
9. Ng5 O-O 10. g4 e5 11. gxh5 Nxh5 12. O-O-O Qa5 13. Kb1 b4 14. Ne2 Ba6 15. Nc1
Bxf1 16. Rhxf1 Nb6 17. Qd3 Na4 18. Nb3 Qc7 19. Qa6 exd4 20. Bxd4 Nb6 21. Bxg7
Nxg7 22. f4 f6 23. Nf3 d5 24. e5 Nc4 25. Rg1 Kh7 26. exf6 Rxf6 27. Rxd5 Qxf4
28. Ng5+ Kh6 29. Rd4 Qe3 30. Rgd1 Nb6 31. Re4 Qf2 32. Re7 Qxh4 33. Qb7 Qxg5 34.
Rh1+ Qh5 35. Rxh5+ Nxh5 36. Rh7+ Kg5 37. Qe7 1-0